[Event "GER-chT U16"]
[Site "Neumarkt in der Oberpfalz"]
[Date "2016.12.28"]
[Round "3.4"]
[White "Amler, Nick"]
[Black "Finke, Daniel"]
[Result "1-0"]
[WhiteElo "1706"]
[BlackElo "1560"]
[PlyCount "89"]
[EventDate "2016.12.27"]
[EventType "team-swiss"]
[EventRounds "7"]
[EventCountry "GER"]
[SourceTitle "EXT 2018"]
[Source "ChessBase"]
[SourceDate "2017.10.13"]
[SourceVersion "1"]
[SourceVersionDate "2017.10.13"]
[SourceQuality "1"]
[WhiteTeam "Delmenhorst"]
[BlackTeam "Erfurt Empor"]
[WhiteTeamCountry "GER"]
[BlackTeamCountry "GER"]

1. e4 e5 2. Nf3 Nc6 3. Nc3 Nf6 4. Be2 Be7 5. d4 exd4 6. Nxd4 Nxd4 7. Qxd4 d6 8. Nd5 c6 9. Nxe7 Qxe7 10. f3 h6 11. Bf4 d5 12. e5 Nh5 13. Bd2 g5 14. e6 Qf6 15. exf7+ Kxf7 16. Qd3 Bf5 17. Qb3 Qe7 18. g4 Rhe8 19. 0-0-0 Qxe2 20. Qxb7+ Qe7 21. Qa6 Bc8 22. Qxc6 Bb7 23. Qxh6 Rh8 24. Qxg5 Qxg5 25. Bxg5 Nf6 26. h4 Rag8 27. Be3 d4 28. Bxd4 Bxf3 29. Rhf1 Bxd1 30. Bxf6 Be2 31. Rf2 Rh7 32. Bg5+ Ke6 33. Rxe2+ Kd7 34. b3 Rf8 35. Re4 Rf3 36. Ra4 Kc8 37. h5 Rhf7 38. Kb2 Rg7 39. Bc1 Rc7 40. g5 Rh3 41. h6 Rhc3 42. Rc4 R7xc4 43. bxc4 Rxc4 44. h7 Rh4 45. g6 1-0

[Event "GER-chT U14"]
[Site "Verden"]
[Date "2015.12.29"]
[Round "6.2"]
[White "Finke, Daniel"]
[Black "Schede, John"]
[Result "1-0"]
[WhiteElo "1342"]
[BlackElo "1249"]
[PlyCount "85"]
[EventDate "2015.12.27"]
[EventType "team-swiss"]
[EventRounds "7"]
[EventCountry "GER"]
[SourceTitle "EXT 2017"]
[Source "ChessBase"]
[SourceDate "2016.10.25"]
[SourceVersion "1"]
[SourceVersionDate "2016.10.25"]
[SourceQuality "1"]
[WhiteTeam "Erfurt Empor"]
[BlackTeam "Freiburg Zaehringen"]
[WhiteTeamCountry "GER"]
[BlackTeamCountry "GER"]

1. e4 Nf6 2. e5 Nd5 3. d4 d6 4. exd6 exd6 5. c4 Nb6 6. Nc3 Nc6 7. Be3 g6 8. Bd3 Bg7 9. Nge2 d5 10. c5 Nd7 11. 0-0 Nf6 12. Re1 0-0 13. Qd2 Re8 14. Bh6 Ng4 15. Bxg7 Kxg7 16. h3 Nh6 17. a3 a6 18. b4 Qf6 19. Nxd5 Qd8 20. Ne3 Qg5 21. Ng3 Kg8 22. Nc4 Rxe1+ 23. Rxe1 Qxd2 24. Nxd2 Nxd4 25. Re7 Ne6 26. Re8+ Kg7 27. Bc4 b5 28. Bxe6 fxe6 29. Re7+ Kf6 30. Rxc7 Nf7 31. Nf3 e5 32. Ne4+ Kf5 33. Rxf7+ Kxe4 34. Rxh7 Bf5 35. Re7 Kd3 36. Rxe5 Kc3 37. Re3+ Kb2 38. g4 Bc2 39. h4 Rd8 40. c6 Bb3 41. h5 Kxa3 42. c7 Rc8 43. Nd4 1-0

[Event "GER-chT U10"]
[Site "Magdeburg"]
[Date "2013.12.27"]
[Round "1.2"]
[White "Finke, Daniel"]
[Black "Greim, Fridolin"]
[Result "0-1"]
[WhiteElo "1112"]
[BlackElo "888"]
[PlyCount "136"]
[EventDate "2013.12.27"]
[EventType "team-swiss"]
[EventRounds "5"]
[EventCountry "GER"]
[SourceTitle "EXT 2015"]
[Source "ChessBase"]
[SourceDate "2014.11.20"]
[SourceVersion "1"]
[SourceVersionDate "2014.11.20"]
[SourceQuality "1"]
[WhiteTeam "Erfurt Empor"]
[BlackTeam "Erfurt Empor II"]
[WhiteTeamCountry "GER"]
[BlackTeamCountry "GER"]

1. e4 e5 2. Nf3 Nc6 3. Bc4 Bc5 4. c3 Nf6 5. d3 d6 6. Bb3 Be6 7. Bc2 d5 8. Nbd2 d4 9. c4 0-0 10. Nb3 Bb4+ 11. Bd2 Bxd2+ 12. Qxd2 Qe7 13. Qg5 h6 14. Qg3 Nb4 15. Kd2 Nh5 16. Qh4 Qxh4 17. Nxh4 Nf4 18. a3 Nxc2 19. Kxc2 g5 20. Nf5 Bxf5 21. exf5 Nxg2 22. Rhg1 Nf4 23. h4 f6 24. Nc5 b6 25. Ne6 Nxe6 26. fxe6 Rfe8 27. hxg5 fxg5 28. Rh1 Kg7 29. Rag1 Rxe6 30. Kb3 Rf8 31. Rh2 e4 32. Kc2 exd3+ 33. Kxd3 c5 34. Rf1 Kg6 35. Rg2 Rf3+ 36. Kd2 a6 37. Re1 Rxe1 38. Kxe1 b5 39. cxb5 axb5 40. Ke2 Rf6 41. Rg3 h5 42. Rb3 Rb6 43. a4 b4 44. Rf3 Ra6 45. b3 Re6+ 46. Kd2 g4 47. Rg3 Kg5 48. Kd3 h4 49. Rg1 h3 50. Kc4 Rf6 51. a5 Rxf2 52. a6 h2 53. Rh1 g3 54. Kb5 g2 55. Rxh2 g1Q 56. Rxf2 Qxf2 57. a7 Qa2 58. Kb6 d3 59. Kb7 d2 60. a8Q Qxa8+ 61. Kxa8 d1Q 62. Kb7 Qd6 63. Ka8 Qd7 64. Kb8 Kf6 65. Ka8 Ke6 66. Kb8 Kd6 67. Ka8 Kc6 68. Kb8 Qb7# 0-1

[Event "GER-chT U10"]
[Site "Magdeburg"]
[Date "2012.12.28"]
[Round "4.4"]
[White "Finke, Daniel"]
[Black "Becker, Merlin"]
[Result "1/2-1/2"]
[WhiteElo "946"]
[BlackElo "754"]
[PlyCount "68"]
[EventDate "2012.12.27"]
[EventType "team-swiss"]
[EventRounds "7"]
[EventCountry "GER"]
[SourceTitle "EXT 2014"]
[Source "ChessBase"]
[SourceDate "2013.11.20"]
[SourceVersion "1"]
[SourceVersionDate "2013.11.20"]
[SourceQuality "1"]
[WhiteTeam "Erfurt Empor"]
[BlackTeam "Lendersdorf"]
[WhiteTeamCountry "GER"]
[BlackTeamCountry "GER"]

1. e4 e5 2. Nf3 Nc6 3. Bc4 Bc5 4. c3 d6 5. d3 Bg4 6. Bb3 Nf6 7. Nbd2 Qd7 8. h3 Bh5 9. g4 Bg6 10. Nf1 h6 11. Ng3 0-0-0 12. Be3 Bxe3 13. fxe3 h5 14. g5 Ng4 15. hxg4 hxg4 16. Rxh8 Rxh8 17. Qe2 gxf3 18. Qxf3 Rh3 19. 0-0-0 Bh5 20. Qf5 Qxf5 21. Nxf5 Bxd1 22. Kxd1 g6 23. Ng7 Rxe3 24. Kd2 Rg3 25. Bxf7 Ne7 26. Be6+ Kb8 27. Ne8 Nc8 28. Nf6 Ne7 29. Nd7+ Kc8 30. Nxe5+ Kd8 31. Nf7+ Ke8 32. a4 a5 33. b4 axb4 34. cxb4 Nc6 1/2-1/2

[Event "GER-chT U10"]
[Site "Magdeburg"]
[Date "2012.12.28"]
[Round "3.4"]
[White "Schoenweiler, Elisabeth"]
[Black "Finke, Daniel"]
[Result "0-1"]
[WhiteElo "905"]
[BlackElo "946"]
[PlyCount "130"]
[EventDate "2012.12.27"]
[EventType "team-swiss"]
[EventRounds "7"]
[EventCountry "GER"]
[SourceTitle "EXT 2014"]
[Source "ChessBase"]
[SourceDate "2013.11.20"]
[SourceVersion "1"]
[SourceVersionDate "2013.11.20"]
[SourceQuality "1"]
[WhiteTeam "Luebeck"]
[BlackTeam "Erfurt Empor"]
[WhiteTeamCountry "GER"]
[BlackTeamCountry "GER"]

1. e4 e5 2. Nf3 Nc6 3. Bc4 Bc5 4. Nc3 Nf6 5. d3 d6 6. Bg5 h6 7. Be3 Bb6 8. Qd2 Be6 9. Bb3 Qd7 10. h3 Nd4 11. Bxd4 exd4 12. Ne2 Bxb3 13. axb3 d5 14. e5 Nh7 15. Nexd4 c5 16. Ne2 d4 17. Ng3 Nf8 18. 0-0 Ng6 19. Rfe1 0-0 20. Re2 Rae8 21. Rae1 Re7 22. c3 Rfe8 23. Qd1 Bc7 24. Qa1 a6 25. Qa4 Qxa4 26. bxa4 Nxe5 27. Nxe5 Bxe5 28. f4 Bd6 29. Rxe7 Rxe7 30. Rf1 Re6 31. f5 Re3 32. Ne4 Be7 33. Rd1 c4 34. Nf2 dxc3 35. bxc3 cxd3 36. Rxd3 Rxd3 37. Nxd3 Bf6 38. c4 Bd4+ 39. Kf1 g6 40. fxg6 fxg6 41. g4 Kf7 42. Kg2 Kf6 43. Kf3 Kg5 44. Ke4 Ba7 45. Nf4 Bb8 46. Ng2 h5 47. h4+ Kxg4 48. Kd5 Kg3 49. Ne3 Kxh4 50. Ke4 Kg3 51. Nf1+ Kg2 52. Ne3+ Kf2 53. Nd1+ Kg3 54. Ne3 h4 55. Nf1+ Kf2 56. Ne3 h3 57. Ng4+ Kg3 58. Ne3 h2 59. Nf1+ Kh3 60. Nxh2 Bxh2 61. Kf3 g5 62. Kf2 g4 63. Kf1 g3 64. Ke2 g2 65. Kf2 g1Q+ 0-1

[Event "GER-ch U10"]
[Site "Oberhof"]
[Date "2012.06.02"]
[Round "11"]
[White "Pantsernaya, Sofya"]
[Black "Finke, Daniel"]
[Result "1-0"]
[WhiteElo "953"]
[BlackElo "989"]
[PlyCount "109"]
[EventDate "2012.05.27"]
[EventType "swiss"]
[EventRounds "11"]
[EventCountry "GER"]
[SourceTitle "CBM 148 Extra"]
[Source "ChessBase"]
[SourceDate "2012.06.22"]
[SourceVersion "1"]
[SourceVersionDate "2012.06.22"]
[SourceQuality "1"]

1. e4 e5 2. Nf3 Nc6 3. Bc4 Bc5 4. c3 Nf6 5. d4 exd4 6. cxd4 Bb4+ 7. Nc3 Nxe4 8. 0-0 Bxc3 9. d5 Bf6 10. Re1 Ne7 11. Rxe4 d6 12. g4 g6 13. Bh6 Rg8 14. Qe2 Bh8 15. Re1 Be6 16. dxe6 f6 17. b3 c6 18. Re3 Qc7 19. Rc1 0-0-0 20. Qc2 Kb8 21. Bb5 Rc8 22. Rc3 g5 23. Qxh7 Rg6 24. Bd3 f5 25. Nxg5 Bxc3 26. Rxc3 Nd5 27. Qxg6 Nxc3 28. gxf5 Nd5 29. f6 Nf4 30. Qf5 Nxd3 31. Qxd3 d5 32. Qg3 d4 33. Qxc7+ Kxc7 34. Kf1 Rd8 35. Ke1 d3 36. f7 d2+ 37. Kd1 b5 38. f8Q Rxf8 39. Bxf8 Kd8 40. e7+ Kd7 41. Kxd2 a5 42. Nh7 a4 43. Nf6+ Ke6 44. e8Q+ Kxf6 45. Qxc6+ Kf7 46. Bb4 axb3 47. axb3 Kg7 48. Qxb5 Kh8 49. Qd7 Kg8 50. Ba3 Kh8 51. b4 Kg8 52. b5 Kh8 53. b6 Kg8 54. b7 Kh8 55. b8Q# 1-0

[Event "GER-ch U10"]
[Site "Oberhof"]
[Date "2012.05.28"]
[Round "3"]
[White "Finke, Daniel"]
[Black "Kopylov, Daniel"]
[Result "0-1"]
[WhiteElo "989"]
[BlackElo "1623"]
[PlyCount "104"]
[EventDate "2012.05.27"]
[EventType "swiss"]
[EventRounds "11"]
[EventCountry "GER"]
[SourceTitle "CBM 148 Extra"]
[Source "ChessBase"]
[SourceDate "2012.06.22"]
[SourceVersion "1"]
[SourceVersionDate "2012.06.22"]
[SourceQuality "1"]

1. e4 c5 2. Nf3 d6 3. d4 cxd4 4. Nxd4 Nf6 5. Nc3 g6 6. Be3 Bg7 7. Be2 Nc6 8. Nxc6 bxc6 9. e5 dxe5 10. Qxd8+ Kxd8 11. 0-0-0+ Kc7 12. f4 exf4 13. Bxf4+ Kb7 14. Na4 Nd5 15. Bg3 Bh6+ 16. Kb1 Be3 17. c4 Nb6 18. Nxb6 axb6 19. Rhf1 Bf5+ 20. Bd3 Be6 21. Rfe1 Bg5 22. Be5 Rhd8 23. b3 Bg4 24. Bc2 Bxd1 25. Bxd1 Rd2 26. a4 Rxg2 27. Bf3 Rf2 28. Bh1 Rd8 29. b4 Rdd2 30. b5 Rfe2 31. Bxc6+ Ka7 32. Bg3 Rxe1+ 33. Bxe1 Rd1+ 34. Kc2 Rxe1 35. Kb3 e5 36. Kb4 Re3 37. a5 Be7+ 38. c5 Bxc5+ 39. Kc4 f5 40. axb6+ Kxb6 41. h4 f4 42. Kd5 f3 43. Ke6 f2 44. Bg2 e4 45. Ke5 Re1 46. Kf4 e3 47. Kf3 e2 48. h5 f1Q+ 49. Bxf1 exf1Q+ 50. Kg3 Re3+ 51. Kg4 gxh5+ 52. Kxh5 Qg2 0-1